| 000 | 00777cam a22002535a 4500 | ||
|---|---|---|---|
| 003 | EG-ScBUE | ||
| 005 | 20221115032230.0 | ||
| 008 | 171128s2003 vraa f b 001 0 eng d | ||
| 020 | _a9781864700343 | ||
| 020 | _a1864700343 (v. 2) | ||
| 040 |
_aEG-ScBUE _beng _erda _cEG-ScBUE _dEG-ScBUE |
||
| 082 | 0 | 4 |
_222 _a720.943912 _bSPO |
| 245 | 0 | 0 | _aSporting spaces. |
| 264 | 1 |
_aMulgrave, Victoria : _bThe Images Publishing Group, _c2003. |
|
| 300 |
_a1 volume : _billustrations ; _c28 cm. |
||
| 490 | _aa Pictorial review | ||
| 504 | _aIncludes bibliographical references and index. | ||
| 505 | 2 | _aVolume 2. a pictorial review. | |
| 650 | 7 |
_aSports facilities. _2BUEsh _912646 |
|
| 651 | _2BUEsh | ||
| 653 |
_bGGEN _cNovember2017 |
||
| 655 | _vReading book | ||
| 942 |
_2ddc _cBB |
||
| 999 |
_c25690 _d25662 |
||